| 000 | 01113nam a2200253Ia 4500 | ||
|---|---|---|---|
| 001 | 18162 | ||
| 003 | GE_BSU | ||
| 008 | 181216s||||||||xx |||||||||||||| ||und|| | ||
| 020 | _a99928730214 | ||
| 040 | _cGE_BSU | ||
| 100 | _aგვენცაძე-ახვლედიანი , ციური. | ||
| 245 | _aსტაბილურობა და ვარირება რომანულ თანხმოვანთჯგუფებში : დიაქრონიული კვლევა | ||
| 245 | _cრედ. ჟღენტი ,ირინა | ||
| 260 | _aთბილისი | ||
| 260 | _bმედეა | ||
| 260 | _c2009 | ||
| 300 | _a255გვ.21სმ. | ||
| 300 | _eბიბლ.გვ.252-253 | ||
| 520 | _aეძღვნება მშობლების ხსოვნას: | ||
| 541 | _h8ლ. | ||
| 653 | _aრომანული ენების ფონეტიკა. | ||
| 653 | _aსტაბილურობა და ვარირება რომანულ თანხმოვანთჯგუფებში | ||
| 942 | _cBK | ||
| 999 |
_c51203 _d51203 |
||